000 00796nam a2200217 a 4500
005 20240524063642.0
008 030527s1993 mx r 000 0 spa d
020 _a8475098541
035 _aUPN01000124702
049 _aCG
050 4 _aBF723 I5
_bC6.38
100 1 _aCohen, David,
_d1946-
245 1 3 _aEl desarrollo de la imaginación :
_blos mundos privados de la infancia /
_cDavid Cohen, Stephen A. Mackeith ; tr. Catalina González Rus.
260 _aBarcelona, Esp. :
_bPaidós,
_c1993.
300 _a120 p.
440 0 _aBiblioteca cognición y desarrollo humano ;
_v26
534 _pTraducción de:
_tThe development of imagination : the private worlds of childhood
650 4 _aImaginación en niños
_912146
700 1 _aMackeith, Stephen A.,
_d1906- ,
_ecoaut.
905 _aLibro
999 _c96881
_d96881